Реализация измерителя высокочастотного тока фотодиода; Информационно-измерительная техника и технологии

Dades bibliogràfiques
Parent link:Информационно-измерительная техника и технологии.— 2013.— [С. 209-211]
Autor principal: Хурхесова А. В.
Autor corporatiu: Национальный исследовательский Томский политехнический университет (ТПУ) Институт неразрушающего контроля (ИНК) Кафедра информационно-измерительной техники (ИИТ)
Altres autors: Фёдоров Е. М. Евгений Михайлович
Sumari:Заглавие с титульного листа
Рассмотрены решения для преобразования малого тока фотодиода в напряжение высокой частоты с использованием операционных усилителей
Converting the small output current of a photo-diode transducer to a high frequency voltage by operational amplifiers
Idioma:rus
Publicat: 2013
Matèries:
Accés en línia:http://www.lib.tpu.ru/fulltext/c/2013/C18/041.pdf
Format: MixedMaterials Electrònic Capítol de llibre
KOHA link:https://koha.lib.tpu.ru/cgi-bin/koha/opac-detail.pl?biblionumber=242130

MARC

LEADER 00000naa2a2200000 4500
001 242130
005 20251218163338.0
035 |a (RuTPU)RU\TPU\book\263428 
035 |a RU\TPU\book\263420 
090 |a 242130 
100 |a 20130826d2013 k y0rusy50 ca 
101 0 |a rus 
102 |a RU 
135 |a drnn ---uucaa 
181 0 |a i  
182 0 |a b 
200 1 |a Реализация измерителя высокочастотного тока фотодиода  |d Device for high frequency photo-diode current measuring  |f А. В. Хурхесова, Е. М. Фёдоров 
203 |a Текст  |c электронный 
215 |a 1 файл (494 Кб) 
300 |a Заглавие с титульного листа 
320 |a [Библиогр.: с. 211 (7 назв.)] 
330 |a Рассмотрены решения для преобразования малого тока фотодиода в напряжение высокой частоты с использованием операционных усилителей 
330 |a Converting the small output current of a photo-diode transducer to a high frequency voltage by operational amplifiers 
337 |a Adobe Reader 
463 1 |0 (RuTPU)RU\TPU\book\262947  |t Информационно-измерительная техника и технологии  |o материалы IV Научно-практической конференции, Томск, 15-17 мая 2013 г.  |f Национальный исследовательский Томский политехнический университет (ТПУ) ; под ред. А. В. Юрченко  |v [С. 209-211]  |d 2013 
510 1 |a Device for high frequency photo-diode current measuring  |z eng 
610 1 |a труды учёных ТПУ 
610 1 |a электронный ресурс 
610 1 |a ток 
610 1 |a напряжение 
610 1 |a преобразователи 
610 1 |a операционные усилители 
700 1 |a Хурхесова  |b А. В. 
701 1 |a Фёдоров  |b Е. М.  |c специалист в области электрофизики  |c доцент Томского политехнического университета, кандидат наук  |f 1980-  |g Евгений Михайлович  |3 (RuTPU)RU\TPU\pers\25477  |9 11416 
712 0 2 |a Национальный исследовательский Томский политехнический университет (ТПУ)  |b Институт неразрушающего контроля (ИНК)  |b Кафедра информационно-измерительной техники (ИИТ)  |3 (RuTPU)RU\TPU\col\18718 
801 1 |a RU  |b 63413507  |c 20130116 
801 2 |a RU  |b 63413507  |c 20130925  |g RCR 
856 4 |u http://www.lib.tpu.ru/fulltext/c/2013/C18/041.pdf 
942 |c CF